Využitie kvantitatívnych metód vo vedecko-výskumnej činnosti a v praxi VII (medzinárodný odborný seminár)
Saved in:
| Corporate Authors: | , , |
|---|---|
| Other Authors: | |
| Format: | Book |
| Language: | Slovak Czech |
| Published: |
Bratislava
Vydavateľstvo EKONÓM
2005
|
| Subjects: | |
| Tags: |
No Tags, Be the first to tag this record!
|
MARC
| LEADER | 00000nlm$a2200000$$$4500 | ||
|---|---|---|---|
| 001 | 0041753 | ||
| 005 | 20240502071511.9 | ||
| 020 | |a 80-225-2079-9 | ||
| 041 | 0 | |a slo | |
| 041 | 0 | |a cze | |
| 044 | |a SK | ||
| 245 | 1 | 0 | |a Využitie kvantitatívnych metód vo vedecko-výskumnej činnosti a v praxi VII |b (medzinárodný odborný seminár) |
| 264 | 1 | |a Bratislava |b Vydavateľstvo EKONÓM |c 2005 | |
| 300 | |a CD-ROM | ||
| 610 | 2 | 0 | |a výskum operačný |
| 610 | 2 | 0 | |a výskum |
| 610 | 2 | 0 | |a ekonometria |
| 610 | 2 | 0 | |a metódy kvantitatívne |
| 610 | 2 | 0 | |a účtovníctvo |
| 610 | 2 | 0 | |a integrácia |
| 700 | 1 | |a Žabka, Marián | |
| 110 | 2 | |a Využitie kvantitatívnych metód vo vedecko-výskumnej činnosti a v praxi VII. Medzinárodný odborný seminár | |
| 710 | 2 | |a Fakulta hospodárskej informatiky EU. Katedra operačného výskumu a ekonometrie | |
| 710 | 2 | |a Slovenská spoločnosť pre operačný výskum | |